| 000 | 02711nam a22003017a 4500 | ||
|---|---|---|---|
| 003 | OSt | ||
| 005 | 20240507213259.0 | ||
| 008 | 240506b ||||| |||| 00| 0 eng d | ||
| 040 |
_bEnglish. _cCvSU-CCAT Campus Library. _erda. |
||
| 050 |
_aUM QA 76.758.A84 _bC37 2019 |
||
| 100 |
_aCarlos, Darren V., author. _912057 |
||
| 245 |
_aE-Welding Mo : an android-based tutorial for welding / _cDarren V. Carlos and John Carlo M. Suaverdez. |
||
| 260 |
_aRosario, Cavite : _bCavite State University-CCAT Campus, _c2019. |
||
| 300 |
_axii, 72 leaves : _billustrations ; _c28 cm |
||
| 500 | _aA Capstone Project (BSInfoTech) -- Cavite State University-CCAT Campus, 2018. | ||
| 504 | _aIncludes bibliographical references and appendices. | ||
| 520 | _aCARLOS DARREN V., SUAVERDEZ JOIN CARLO M. E-Welding Mo: An Android-Based Tutorial For Welding. Undergraduate Thesis. Department of Computer Studies Cavite State University-Cavite College of Arts and Trades Campus, Rosario, Cavite. May 2019 Adviser. Mr. Aries M. Gelera. The study was conducted from May 2018 to April 2019 and was focused on developing an application for the people who wants to learn about welding. This is also to familiarize aspirant's welders what is inside about welding. In this study, the researchers able to meet the objective of the research which is to develop an application capable of educating the users about welding The researcher used the unified Model as the basis to develop the application The Unified Model is a Methodology designed to develop application for first and accurate format The researcher used this model since its focus on exchange of ideas and message taking place to both user and the application. The results of the statistical analysis of data revealed that the application was helpful and effective to the people want to learn how to cook native dishes. The users appreciated the application because it can explain the step by step process of how to cook native dishes of rach recipe and have a trivia about the recipe they pick. The application is user friendly, easy to understand and very useful to the people who like cooking and other people want to learned how to cook a native dishes of the Philippines. | ||
| 546 | _aIn English text. | ||
| 650 |
_aAndroid application -- Welding. _912264 |
||
| 650 |
_aWelding tutorial. _912265 |
||
| 650 |
_aWelding training. _912266 |
||
| 650 |
_aWelding process. _912267 |
||
| 700 |
_aSuaverdez, John Carlo M., author. _912058 |
||
| 700 |
_aGelera, Aries M., adviser. _99116 |
||
| 700 |
_aIgnacio, Mary Ann E., technical critic. _911884 |
||
| 942 |
_2lcc _cT/M/D _hQA 76.758.A84 C37 2019 _kUM |
||
| 999 |
_c3303 _d3303 |
||